50 plus gros transfert de l'OL (Arrivés) - Statistiques

Statistiques générales
  • Ce quiz a été pris 341 fois
  • Le résultat moyen est 22 sur 50
Statistiques - réponses
Montant (En M d'€) Réponses Club de provenance % Correct
25 Reine-adelaide Angers SCO
87%
23,44 Paqueta AC Milan
85%
22 Dembélé Celtic
80%
22 Gourcuff Bordeaux
79%
22 Mendes LOSC
79%
10,1 Mendes Chelsea
79%
16 Depay Manchester United
76%
24 Andersen Sampdoria
75%
24 Lopez FC Porto
75%
20 Guimaraes Athletico-PR
70%
13 Gomis ASSE
64%
15 Faivre Brest
62%
19 Anderson FC Barcelone
60%
18 Bastos LOSC
59%
11,5 Toko Ekambi Villarreal
59%
9 Koné LOSC
54%
9 Lovren Dynamo Zagreb
52%
8 Ndombélé Amiens SC
50%
13,1 Darder Malaga
49%
11,7 Essien SC Bastia
48%
7,5 Marcelo Besiktas
47%
8 Diaz Real Madrid
46%
10 Denayer Manchester City
44%
7,5 Pjanic FC Metz
44%
10 Traoré Chelsea
43%
15,6 Fred Cruzeiro
41%
16,8 Keita LOSC
40%
8,5 Lloris OGC Nice
40%
16,2 Cissokho FC Porto
37%
12 Kadewere Le Havre
37%
11 Terrier Lille
34%
8 Kallstrom Rennes
32%
14 Makoun LOSC
32%
14,9 Ederson OGC Nice
29%
8,5 Mammana River Plate
29%
10 Pape cheick Diop Celta Vigo
28%
8,5 Abidal LOSC
26%
9,4 Yanga mbiwa AS Roma
26%
12 Carrière FC Nantes
21%
8,5 Frau FC Sochaux
20%
8,7 Grosso Inter Milan
20%
7,6 Carew Besiktas
19%
11 Edmilson FC Sao Paulo
18%
8 Vairelles RC Lens
16%
8 Lucas Flamengo
14%
8,8 Luyindula RC Strasbourg
10%
8 Muller Juventus
9%
7,5 Dhorasoo Le Havre
6%
8,4 Mensah Rennes
6%
9 Foé West Ham
3%
Aucun quiz correspondant
Distribution des résultats
% des personnes avec chaque résultat
Percentile par nombre de réponses
Votre historique - résultats
Vous n’avez pas pris ce quiz